<?xml version="1.0" encoding="UTF-8"?>
<collection xmlns="http://www.loc.gov/MARC21/slim">
<record>
  <controlfield tag="001">154986</controlfield>
  <controlfield tag="005">20250515083538.0</controlfield>
  <datafield tag="037" ind1=" " ind2=" ">
    <subfield code="a">TAZ-TFG-2023-1261</subfield>
  </datafield>
  <datafield tag="041" ind1=" " ind2=" ">
    <subfield code="a">spa</subfield>
  </datafield>
  <datafield tag="100" ind1="1" ind2=" ">
    <subfield code="a">Álvaro Rillo, Sara</subfield>
  </datafield>
  <datafield tag="242" ind1="0" ind2="0">
    <subfield code="a">INCLUSEX PROGRAM: Proposal of a Program of Prevention-Intervention in sexuality for women with Down Syndrome</subfield>
  </datafield>
  <datafield tag="245" ind1="0" ind2="0">
    <subfield code="a">PROGRAMA INCLUSEX: Propuesta de un Programa de Prevención-Intervención en sexualidad para mujeres con Síndrome de Down</subfield>
  </datafield>
  <datafield tag="260" ind1=" " ind2=" ">
    <subfield code="a">Zaragoza</subfield>
    <subfield code="b">Universidad de Zaragoza</subfield>
    <subfield code="c">2023</subfield>
  </datafield>
  <datafield tag="506" ind1=" " ind2=" ">
    <subfield code="a">by-nc-sa</subfield>
    <subfield code="b">Creative Commons</subfield>
    <subfield code="c">3.0</subfield>
    <subfield code="u">http://creativecommons.org/licenses/by-nc-sa/3.0/</subfield>
  </datafield>
  <datafield tag="520" ind1=" " ind2=" ">
    <subfield code="a">Los prejuicios que rodean la sexualidad de las personas con diversidad funcional siguen patentes en la actualidad, siendo el síndrome de Down (SD) uno de los trastornos del neurodesarrollo más frecuentes. La sobreprotección de las familias y profesionales hacia esta población lleva como consecuencia el gran desconocimiento hacia su sexualidad, no permitiendo disfrutar del derecho a vivirla de manera libre y segura. A efectos de esto, las mujeres con trisomía se enfrentan a una doble discriminación, tanto por su trastorno como por su género. El presente proyecto tiene como objetivo mejorar la calidad de vida de las adolescentes con SD, con una edad comprendida entre 13 a 15 años, beneficiarias del Centro de Atención Postemprana de Fundación Down Zaragoza. La duración de este será de 3 meses, llevando a cabo un total de 12 sesiones, después de las cuales se espera un incremento en los conocimientos sobre sexualidad y una mayor libertad para poder tomar decisiones sobre cómo quieren vivirla, así como una mayor conciencia de la violencia machista, a modo de prevención. &lt;br />Palabras clave: síndrome de Down, diversidad funcional, sexualidad, educación sexual, mujeres, adolescentes. &lt;br />&lt;br /></subfield>
  </datafield>
  <datafield tag="521" ind1=" " ind2=" ">
    <subfield code="a">Graduado en Psicología</subfield>
  </datafield>
  <datafield tag="540" ind1=" " ind2=" ">
    <subfield code="a">Derechos regulados por licencia Creative Commons</subfield>
  </datafield>
  <datafield tag="700" ind1=" " ind2=" ">
    <subfield code="a">Sánchez Muñoz, Sandra</subfield>
    <subfield code="e">dir.</subfield>
  </datafield>
  <datafield tag="710" ind1="2" ind2=" ">
    <subfield code="a">Universidad de Zaragoza</subfield>
    <subfield code="b">Psicología y Sociología</subfield>
    <subfield code="c">Psicobiología</subfield>
  </datafield>
  <datafield tag="856" ind1="0" ind2=" ">
    <subfield code="f">735346@unizar.es</subfield>
  </datafield>
  <datafield tag="856" ind1="4" ind2=" ">
    <subfield code="s">10674734</subfield>
    <subfield code="u">http://zaguan.unizar.es/record/154986/files/TAZ-TFG-2023-1261.pdf</subfield>
    <subfield code="y">Memoria (spa)</subfield>
  </datafield>
  <datafield tag="909" ind1="C" ind2="O">
    <subfield code="o">oai:zaguan.unizar.es:154986</subfield>
    <subfield code="p">driver</subfield>
    <subfield code="p">trabajos-fin-grado</subfield>
  </datafield>
  <datafield tag="950" ind1=" " ind2=" ">
    <subfield code="a"></subfield>
  </datafield>
  <datafield tag="980" ind1=" " ind2=" ">
    <subfield code="a">TAZ</subfield>
    <subfield code="b">TFG</subfield>
    <subfield code="c">FCSH</subfield>
  </datafield>
  <datafield tag="999" ind1=" " ind2=" ">
    <subfield code="a">20230531160100.CREATION_DATE</subfield>
  </datafield>
  <datafield tag="951" ind1=" " ind2=" ">
    <subfield code="a">deposita:2025-05-15</subfield>
  </datafield>
</record>
</collection>